00633nam a2200157 u 450000100100000000500170001000800410002704000250006808200150009311000790010824500550018726000740024230000290031695201130034599900170045800002025520200929170332.0090702s1980 dr r 000 0 spa d aDO-SdBNPbspacBNPHU axxxxbxxxx1 aRepública Dominicana.bBanco Central de la República Dominicana94287310aMemoria anual, trigésimo segundo ejercicio 1979. aSanto Domingo :bBanco Central de la República Dominicana,c[1980]. a112 p. :bil., ;c28 cm. 0010718PDaPDbPDcHDd2017-03-10iLF1l0oxxxx xxxxp20255-10r2020-06-25w2020-06-25yLFPDZNo se presta c19759d19759